| 000 | 01454nam a2200385 c 4500 | ||
|---|---|---|---|
| 999 |
_c49949 _d49949 |
||
| 001 | 49949 | ||
| 003 | ES-MaCES | ||
| 005 | 20250526142655.0 | ||
| 007 | cr ||||||||||| | ||
| 008 | 170925s2017 sp l 000 ||spa d | ||
| 017 |
_aNA 1861-2017 _bDL |
||
| 020 | _a9788491524298 | ||
| 040 |
_aES-MaCES _bspa _cES-MaCES |
||
| 110 | 1 |
_aEspaña _tLeyes, etc., laborales y de Seguridad Social _93135 |
|
| 245 | 1 | 0 |
_aLegislación laboral y de Seguridad Social _cedición preparada por Antonio V. Sempere Navarro y Jesús Mª Galiana Moreno |
| 250 | _a25ª ed | ||
| 260 |
_aCizur Menor (Navarra) _bThomson Reuters-Aranzadi _c2017 |
||
| 300 |
_a1860 p. _c24 cm |
||
| 490 | 1 |
_aColección Códigos básicos Aranzadi _v7 |
|
| 500 | _aÍndices | ||
| 500 | _aDisponible en formato electrónico mediante la aplicación PROVIEW | ||
| 541 | _cCompra | ||
| 650 | 4 |
_alegislación del trabajo _927166 |
|
| 650 | 4 |
_alegislación de seguridad social _929855 |
|
| 650 | 4 |
_aEspaña _926964 |
|
| 650 | 4 |
_atexto _929624 |
|
| 653 | 1 | 0 | _aLegislación |
| 700 | 1 |
_aGaliana Moreno, Jesús María _eed. lit. _912597 |
|
| 700 | 1 |
_aSempere Navarro, Antonio Vicente _eed. lit. _923834 |
|
| 775 | 0 |
_tLegislación laboral y de la Seguridad Social _w(ES-MaCES)47760 |
|
| 830 | 0 |
_aColección Códigos básicos Aranzadi _v7 _932116 |
|
| 856 | 4 |
_uhttps://legalteca.aranzadilaley.es/my-library?sponsor=82111144-IP _yLegalteca |
|
| 902 | _aLIB Libro | ||
| 942 |
_2CES _cBK _h6.1. |
||